|
|
|
|
| LEADER |
00000cam a22000001i 4500 |
| 001 |
vtls009744347 |
| 003 |
SK-MaSNL |
| 005 |
20260301025201.0 |
| 008 |
251104s1987 xo a r 000 f slo |
| 015 |
|
|
|a SNBA1987
|
| 020 |
|
|
|q (brožované)
|
| 035 |
|
|
|a urn:nbn:sk:snk-am00eo65
|
| 035 |
|
|
|a urn:nbn:sk:snk-am3ildy
|
| 035 |
|
|
|a 5F962B78-35D1-4C78-A116-1C140A17C3A7
|
| 040 |
|
|
|a SNK
|b slo
|c SNK
|e AACR2
|
| 041 |
0 |
|
|a slo
|
| 044 |
|
|
|a xo
|c SK
|
| 080 |
|
|
|a 885.4-3
|2 1981
|
| 100 |
1 |
|
|a Uhrík, Kalo,
|d 1932-2015
|4 aut
|9 193277
|
| 245 |
1 |
0 |
|a Príbuznosti
|b (poviedky)
|c Kalo Uhrík ; ilustroval Peter Hudák
|
| 260 |
|
|
|a Bratislava
|b Medzinárodná organizácia novinárov
|c 1987
|
| 300 |
|
|
|a 87 s.
|b ilustr.
|c 24 cm
|
| 655 |
|
7 |
|a slovenské poviedky
|2 SNKPH
|9 70226
|
| 954 |
|
|
|a beletria pôvodná (slovenská)
|2 lita
|
| 958 |
|
|
|a EUIPO
|
| 958 |
|
|
|a OND
|
| 999 |
|
|
|c 572513
|d 574443
|
| 952 |
|
|
|a SNK
|b SNK
|y PREZ
|7 0
|p 17A1417854
|o snkSC 179126
|i snk2020/15950
|8 7
|0 0
|1 0
|4 0
|d 2020-09-09
|f 1
|l 0
|r 2026-02-23 14:21:31
|w 2026-02-23
|